Introducing New Technology Does Unvertainty Undermine Managerial Control Strategies?
Uložené v:
| Hlavný autor: | |
|---|---|
| Ďalší autori: | , |
| Médium: | Kniha |
| Jazyk: | English |
| Vydavateľské údaje: |
Wien
Institut für Höhere Studien
1988
|
| Vydanie: | 1. ed. |
| Edícia: | Forschungsbericht/Research Memorandum
Nr.246 |
| Tagy: |
Žiadne tagy, Buďte prvý, kto otaguje tento záznam!
|
MARC
| LEADER | 00000nam a2200000 4500 | ||
|---|---|---|---|
| 001 | c035531 | ||
| 005 | 20221219120047.2 | ||
| 041 | 0 | |a eng | |
| 044 | |a AT | ||
| 245 | 1 | 0 | |a Introducing New Technology |b Does Unvertainty Undermine Managerial Control Strategies? |c Georg Aichholzer, Jörg Flecker, Gerd Schienstock |
| 250 | |a 1. ed. | ||
| 264 | 1 | |a Wien |b Institut für Höhere Studien |c 1988 | |
| 300 | |a 35 s. | ||
| 490 | 1 | |a Forschungsbericht/Research Memorandum |v Nr.246 | |
| 830 | 0 | |a Forschungsbericht/Research Memorandum |v Nr.246 | |
| 100 | 1 | |a Aichholzer, Georg | |
| 700 | 1 | |a Flecker, Jörg | |
| 700 | 1 | |a Schienstock, Gerd | |